| 000 | 01194nam0a2200301 i 4500 | ||
|---|---|---|---|
| 001 | RU\NLR\BIBL_A\010704477 | ||
| 005 | 20240921191954.0 | ||
| 010 |
_a978590454016 _9500 |
||
| 021 |
_aRU _b15-6462 |
||
| 035 | _a(NILC)RuMoRGB-007864183 | ||
| 035 | _a(NLR Aleph) 010704477 | ||
| 090 |
_a9736051 _c9736051 |
||
| 100 | _a20150320d2015 km y0rusy50 ca | ||
| 101 | 0 | _arus | |
| 102 | _aRU | ||
| 105 | _aa|||c|||001yy | ||
| 200 | 1 |
_aАктуальные проблемы психологии _eуказатель 1 362 докторских диссертаций, 1935-2014 _f[Анцупов А. Я. и др.] |
|
| 210 |
_aМосква _cАссоциация "Лига содействия оборонным предприятиям" _d2015 |
||
| 215 |
_a415 с. _cил., табл. _d25 |
||
| 320 | _aБиблиогр.: с. 174-178 (73 назв.) | ||
| 606 | 1 |
_aПсихологические исследования _jУказатели _9915647 _3RU\NLR\AUTH\6615611 |
|
| 686 | 1 | _aЮ93в6я1 | |
| 702 | 1 |
_aАнцупов _bА. Я. _gАнатолий Яковлевич _4220 |
|
| 801 | 0 |
_aRU _bРГБ _c20150210 _gRCR |
|
| 942 | _cBOOK | ||
| 980 | _aNBR | ||